| 000 | 00417 a2200145 4500 | ||
|---|---|---|---|
| 020 | _a8130706067 | ||
| 090 |
_c6150 _d6150 |
||
| 100 | _aCollins, Mary | ||
| 245 |
_aA first laboratory guide in psychology _cMary Collins and James Drever |
||
| 260 |
_aNew Delhi: _bCosmo Publications, _c2007. |
||
| 300 |
_avii, 107 p. : _bill. ; _c21 cm. |
||
| 500 | _aIncludes Index | ||
| 650 | _aPsychophysiology. | ||
| 942 |
_cBK _k150 COL |
||
| 999 |
_c9983 _d9983 |
||